|
|
|
|
| LEADER |
00000nab a2200000uu 4500 |
| 001 |
vtls010901611 |
| 003 |
SK-MaSNL |
| 005 |
20260303141802.0 |
| 008 |
230222|1969 xo |||||||||||||||||rus| |
| 015 |
|
|
|a SNBRB
|
| 035 |
|
|
|a (urnnbn)urn:nbn:sk:snk:ar-a07n68
|
| 035 |
|
|
|a (uuid)7620b837-c486-4e95-95f3-aed719196efe
|
| 035 |
|
|
|a urn:nbn:sk:snk-ab8t2b
|
| 040 |
|
|
|a SNKBUCL
|b slo
|c SNKBUCL
|e AACR2
|
| 041 |
0 |
|
|a rus
|
| 044 |
|
|
|a xo
|c SK
|
| 100 |
1 |
|
|a Horský, Ladislav,
|d 1927-1983
|4 aut
|9 38641
|
| 245 |
1 |
0 |
|a Značenie položenija i peremeščenija chokkejnogo vratarja vo vremja igry
|c Ladislav Horský
|
| 773 |
0 |
|
|t Acta Facultatis Educationis Physicae Universitatis Comenianae
|g Roč. 9, č. 9 (1969), s. 195-196
|
| 958 |
|
|
|a OND
|
| 958 |
|
|
|a EUIPO
|
| 958 |
|
|
|a article10
|
| 999 |
|
|
|c 1978739
|d 1980669
|